Handbook of international relations / (Record no. 8539)
[ view plain ]
| 000 -LEADER | |
|---|---|
| fixed length control field | 02936nac a22002891u 4500 |
| 010 ## - LIBRARY OF CONGRESS CONTROL NUMBER | |
| LC control number | 2001135896 |
| 020 ## - INTERNATIONAL STANDARD BOOK NUMBER | |
| International Standard Book Number | 0761963049 |
| 035 ## - SYSTEM CONTROL NUMBER | |
| System control number | (OCoLC)ocm48361783 |
| 082 00 - DEWEY DECIMAL CLASSIFICATION NUMBER | |
| Classification number | 327 |
| Item number | CAR |
| 090 ## - LOCALLY ASSIGNED LC-TYPE CALL NUMBER (OCLC); LOCAL CALL NUMBER (OCLC) | |
| -- | 8539 |
| -- | 8539 |
| 100 ## - MAIN ENTRY--PERSONAL NAME | |
| Personal name | 20080729 |
| 245 00 - TITLE STATEMENT | |
| Title | Handbook of international relations / |
| Statement of responsibility, etc | edited by Walter Carlsnaes, Thomas Risse and Beth A. Simmons. |
| 246 30 - VARYING FORM OF TITLE | |
| Title proper/short title | International relations |
| 260 ## - PUBLICATION, DISTRIBUTION, ETC. (IMPRINT) | |
| Place of publication, distribution, etc | London ; |
| -- | Thousand Oaks, Calif. : |
| Name of publisher, distributor, etc | SAGE Publications,C.2002. |
| Date of publication, distribution, etc | C.2002. |
| 300 ## - PHYSICAL DESCRIPTION | |
| Extent | xx, 571 p. ; |
| Dimensions | 26 cm. |
| 500 ## - GENERAL NOTE | |
| General note | Distributer: Baccah. |
| 504 ## - BIBLIOGRAPHY, ETC. NOTE | |
| Bibliography, etc | Includes bibliographical references and index. |
| 505 0# - FORMATTED CONTENTS NOTE | |
| Formatted contents note | On the history and historiography of international relations / Brian C. Schmidt -- Philosophy of social science and international relations / Colin Wight -- Rationalism v. constructivism : a skeptical view / James Fearon and Alexander Wendt -- Rational choice and international relations / Duncan Snidal-- Constructivism and international relations / Emanuel Adler -- Linking theory to evidence in international relations / Richard K. Herrmann -- Norms and ethics in international relations / Andrew Hurrell -- State sovereignty and territory / Thomas J. Biersteker -- Power and international relations / David A. Baldwin -- International organizations and institutions / Beth A. Simmons and Lisa L. Martin -- Diplomacy, bargaining and negotiation / Christer JoÌ(nsson -- From interdependence to globalization / Michael ZuÌ(rn -- Transnational actors and world politics / Thomas Risse -- Feminist perspectives on international relations / J. Ann Tickner -- Psychological explanations of international conflict / Janice Gross Stein -- Domestic politics and international relations / Peter Gourevitch -- Foreign policy / Walter Carlsnaes -- War and peace / Jack S. Levy -- Security cooperation / Harald MuÌ(ller -- Peace-making and conflict resolution / Lilach Gilady and Bruce Russett -- Nationalism and ethnicity / Lars-Erik Cederman -- International finance / Benjamin J. Cohen -- International trade / Helen V. Milner -- International development / Sylvia Maxfield -- Comparative regional integration / Young Jong Choi and James A. Caporaso -- International environment / Ronald B. Mitchell -- International human rights / Hans Peter Schmitz and Kathryn Sikkink -- International law, international relations and compliance / Kal Raustiala and Anne-Marie Slaughter. |
| 650 #0 - SUBJECT ADDED ENTRY--TOPICAL TERM | |
| Topical term or geographic name as entry element | International relations. |
| 700 1# - ADDED ENTRY--PERSONAL NAME | |
| Personal name | Carlsnaes, Walter. |
| 700 1# - ADDED ENTRY--PERSONAL NAME | |
| Personal name | Risse-Kappen, Thomas. |
| 700 1# - ADDED ENTRY--PERSONAL NAME | |
| Personal name | Simmons, Beth A., |
| Dates associated with a name | 1958- |
| 856 42 - ELECTRONIC LOCATION AND ACCESS | |
| Materials specified | Publisher description |
| Uniform Resource Identifier | <a href="http://www.loc.gov/catdir/enhancements/fy0658/2001135896-d.html">http://www.loc.gov/catdir/enhancements/fy0658/2001135896-d.html</a> |
| 856 42 - ELECTRONIC LOCATION AND ACCESS | |
| Materials specified | Table of contents only |
| Uniform Resource Identifier | <a href="http://www.loc.gov/catdir/enhancements/fy0658/2001135896-t.html">http://www.loc.gov/catdir/enhancements/fy0658/2001135896-t.html</a> |
| 942 ## - ADDED ENTRY ELEMENTS (KOHA) | |
| Item type | Book - Borrowing |
| Call number prefix | 327CAR |
| Withdrawn status | Item status | Damaged status | Not for loan | Home library | Current library | Shelving location | Date acquired | Source of acquisition | Total Checkouts | Total Renewals | Full call number | Barcode | Date last seen | Date last borrowed | Koha item type |
|---|---|---|---|---|---|---|---|---|---|---|---|---|---|---|---|
| Central Library | Central Library | First floor | 08/03/2012 | Purchase | 12 | 115 | 327CAR | 000010366 | 15/07/2025 | 18/09/2022 | Book - Borrowing |